000
00274nam a22001217a 4500
008
180905b xxu||||| |||| 00| 0 eng d
041
_a
eng
080
_a
341
100
_a
14
101
_a
SHJ
245
_a
The Practice Of Moral Judgment
_c
Herman.B
942
_2
udc
_c
BK
999
_c
47560
_d
47560